01170nas a2200301Ia 4500001002800000003001000028008004100038040002500079041001200104100002400116210003100140222003100171240006200202245006200264250001100326260000900337501012300346300001400469362003400483500003200517650002300549700002100572700002800593942000700621957000600628999003300634952020100667A06/R068-12846 [r000010188]IT-MiCISF161014c99999999xx |||||||||||| ||und|| aIT-MiCISFcIT-MiCISF aINGLESE aThornton Barbara C. aThe Hastings Center Report aThe Hastings Center Report aBioethics Education: Expanding the Circle of Participants 0aBioethics Education: Expanding the Circle of Participants a1a ed. c1993 bCISF - Centro Internazionale Studi Famiglia - Via Giotto, 36 20145 MILANO (non commercial uses only)cCopyright 2016 app. 25-29 avol. 23, n. 1, gennaio [1993] a Tema: bioetica, formazione aBIOETICAvarticolo a Callahan Daniel a Lindemann Nelson James cCR 71 a12846bSig1c250890d250890 0010406A_06_000000000000000_R06812846_R00001018871aCISFbCISFd2016-10-14l0oA06/R068-12846 [r000010188]r2016-10-14 00:00:00w2016-10-14yCRzData import 15.10.2016 / by Epidotti, Vaglietti